000 00346nam a2200145Ia 4500
003 OSt
005 20240229125431.0
008 170523s9999 xx 000 0 und d
020 _a978-1408215333
040 _ciimt university meerut
100 _aLONGMAN
245 0 _aDICTIONARY OF CONTEMPORARY ENGLISH
260 _bExcel Books
942 _2ddc
_c02
999 _c542
_d542